Т. 1; Кукрыниксы. М. В. Куприянов, П. Н. Крылов, Н. А. Соколов

Dettagli Bibliografici
Parent link:Кукрыниксы. М. В. Куприянов, П. Н. Крылов, Н. А. Соколов: собрание произведений в 4 т./ сост. Н. И. Горянина ; худож. В. М. Аладьев ; отв. ред. В. С. Кеменов. Т. 1.— , 1982-1988
Altri autori: Кеменов В. С. (автор предисловия)
Lingua:russo
Pubblicazione: 1982
Soggetti:
Natura: MixedMaterials Libro
KOHA link:https://koha.lib.tpu.ru/cgi-bin/koha/opac-detail.pl?biblionumber=349553

MARC

LEADER 00000nam2a2200000 4500
001 349553
005 20231102010220.0
035 |a (RuTPU)RU\TPU\retro\2182 
090 |a 349553 
100 |a 20180626d1982 m y0rusy50 ca 
101 0 |a rus 
102 |a RU 
105 |a a z 001zc 
200 0 |a Т. 1  |f авт. предисл. В. С. Кеменов 
210 |d 1982 
215 |a 339 с.  |c ил. 
320 |a Каталог: с. 323-339 
461 1 |0 (RuTPU)RU\TPU\retro\2181  |t Кукрыниксы. М. В. Куприянов, П. Н. Крылов, Н. А. Соколов  |o собрание произведений в 4 т.  |o [альбом]  |f сост. Н. И. Горянина ; худож. В. М. Аладьев ; отв. ред. В. С. Кеменов  |v Т. 1  |d 1982-1988 
600 0 |a Кукрыниксы  |c коллективный псевдоним художников (Куприянов М. В., Крылов П. Н., Соколов Н. А.)  |2 stltpush  |3 (RuTPU)RU\TPU\pers\13433  |9 4087 
600 1 |a Крылов  |b П. Н.  |g Порфирий Никитич  |c российский график  |c живописец  |c псевдоним - Кукрыниксы (Куприянов М. В., Крылов П. Н., Соколов Н. А.)  |f 1902-1990  |2 stltpush  |3 (RuTPU)RU\TPU\pers\12296 
600 1 |a Куприянов  |b М. В.  |c российский график  |c живописец  |f 1903-1991  |g Михаил Васильевич  |c псевдоним - Кукрыниксы (Куприянов М. В., Крылов П. Н., Соколов Н. А.)  |2 stltpush  |3 (RuTPU)RU\TPU\pers\12969 
600 1 |a Соколов  |b Н. А.  |g Николай Александрович  |c российский график  |c живописец  |c псевдоним - Кукрыниксы (Куприянов М. В., Крылов П. Н., Соколов Н. А.)  |f 1903-2000  |2 stltpush  |3 (RuTPU)RU\TPU\pers\12297 
606 1 |a Рисунок  |2 stltpush  |3 (RuTPU)RU\TPU\subj\25243  |9 49446 
610 1 |a художники 
610 1 |a биографии 
610 1 |a творчество 
675 |a 741(092)  |v 4 
702 1 |a Кеменов  |b В. С.  |4 080 
801 1 |a RU  |b 63413507  |c 20180626 
801 2 |a RU  |b 63413507  |c 20180626  |g RCR 
942 |c BK